000 00516nam a2200217Ia 4500
003 OSt
005 20220928140738.0
006 a|||||r|||| 00| 0
007 ta
008 220927b |||||||| |||| 00| 0 eng d
024 _a11538
037 _cTextual
040 _aSDCL
_cSDCL
_beng
041 _2eng
_aeng
082 _a4wN23, L8
100 _aNayar Kuldip Au.
_9497411
245 0 _aIn jail.
260 _c1978
942 _h4wN23, L8
_cTEXL
_2CC
999 _c813956
_d813956